[Event "Close encounters 2"]
[Site "SchemingMind.com"]
[Date "2019.03.20"]
[Round "-"]
[White "Mitch The Man"]
[Black "Phillip Beckett"]
[Result "1/2-1/2"]
[WhiteCountry "USA"]
[BlackCountry "ENG"]
[WhiteElo "1322"]
[WhiteRD "63"]
[BlackElo "1559"]
[BlackRD "53"]
[GameID "439520"]

1. e4 e5 2. Nf3 Nc6 3. Bc4 Nf6 4. Qe2 Be7 5. Bxf7+ Kxf7 6. Ng5+ Ke8 7. Nf3 d6 8. h3 Be6 9. O-O Nd4 10. Nxd4 exd4
11. d3 d5 12. e5 Ng8 13. Bd2 Kd7 14. Be1 Bc5 15. a3 Qe7 16. Bd2 Rf8 17. b4 Bb6 18. Bc1 Kc8 19. Kh2 c6 20. g3 Nh6
21. Bxh6 gxh6 22. Nd2 Qg5 23. Nf3 Qh5 24. Ng1 Qg6 25. Nf3 Bxh3 26. Kxh3 Qh5+ 27. Kg2 Qg4 28. Ng1 Qxe2 29. Nxe2 Rhg8 30. Nf4 Bc7
31. Ne6 Re8 32. Nxc7 Kxc7 33. f4 Rg4 34. Rh1 Re6 35. Rae1 Reg6 36. Rh3 Rxf4 37. Rf1 Rxf1 38. Kxf1 Kd7 39. Kg2 Ke6 40. Rh5 b6
41. Kh3 Kf7 42. Rf5+ Ke6 43. Rh5 Ke7 44. g4 Kf7 45. Rf5+ Ke6 46. Kh4 Rg7 47. Rh5 Rg6 48. Rf5=
1/2-1/2

[Event "Close encounters 2"]
[Site "SchemingMind.com"]
[Date "2019.04.28"]
[Round "-"]
[White "ray winteringham"]
[Black "Mitch The Man"]
[Result "1-0"]
[WhiteCountry "ENG"]
[BlackCountry "USA"]
[WhiteElo "1444"]
[WhiteRD "49"]
[BlackElo "1345"]
[BlackRD "64"]
[GameID "440709"]

1. e4 e5 2. d4 Bd6 3. d5 Nf6 4. Bg5 O-O 5. Bd3 c6 6. c4 c5 7. Ne2 Qe8 8. Bxf6 gxf6 9. Ng3 Kh8 10. Nf5 Bc7
11. O-O d6 12. Qh5 Bxf5 13. Qxf5 Rg8 14. Qxf6+ Rg7 15. f4 Nd7 16. Qh4 Bd8 17. Qf2 a5 18. Nd2 Qg8 19. fxe5 Nxe5 20. Bc2 a4
21. g3 Ng4 22. Qf3 b6 23. Rae1 Ne5 24. Qg2 Bg5 25. Nf3 Nxf3+ 26. Rxf3 Be7 27. e5 dxe5 28. Rxe5 Bd8 29. Rfe3 Bf6 30. R5e4 Bxb2
31. Bxa4 h6 32. Qxb2 Kh7 33. Bb3 Rd8 34. Bc2
1-0

[Event "Close encounters 2"]
[Site "SchemingMind.com"]
[Date "2019.04.28"]
[Round "-"]
[White "Phillip Beckett"]
[Black "ray winteringham"]
[Result "0-1"]
[WhiteCountry "ENG"]
[BlackCountry "ENG"]
[WhiteElo "1578"]
[WhiteRD "52"]
[BlackElo "1444"]
[BlackRD "49"]
[GameID "440710"]

1. d4 d5 2. e3 Nf6 3. Nd2 Bf5 4. Ngf3 h6 5. c4 dxc4 6. Bxc4 e6 7. O-O Be7 8. Qb3 b6 9. Bb5+ c6 10. Bd3 Bxd3
11. Qxd3 Bd6 12. Ne4 c5 13. dxc5 Bxh2+
0-1

[Event "Close encounters 2"]
[Site "SchemingMind.com"]
[Date "2019.04.29"]
[Round "-"]
[White "Mihir Chandrashekhar"]
[Black "Phillip Beckett"]
[Result "1-0"]
[WhiteCountry "IND"]
[BlackCountry "ENG"]
[WhiteElo "1850"]
[WhiteRD "67"]
[BlackElo "1578"]
[BlackRD "52"]
[GameID "440734"]

1. c4 e5 2. Nc3 Nf6 3. Nf3 Nc6 4. g3 d5 5. cxd5 Nxd5 6. Bg2 Be6 7. O-O f6 8. a3 Qd7 9. b4 O-O-O 10. Qc2 h5
11. Nh4 Nxc3 12. dxc3 g5 13. Ng6 Rg8 14. Nxf8 Rdxf8 15. Rd1 Qe8 16. b5 Nd8 17. Qa4 Kb8 18. Be3 b6 19. Qe4 h4 20. Qa8#
1-0

[Event "Close encounters 2"]
[Site "SchemingMind.com"]
[Date "2019.04.29"]
[Round "-"]
[White "Mihir Chandrashekhar"]
[Black "Mitch The Man"]
[Result "1-0"]
[WhiteCountry "IND"]
[BlackCountry "USA"]
[WhiteElo "1850"]
[WhiteRD "67"]
[BlackElo "1345"]
[BlackRD "64"]
[GameID "440735"]

1. d4 d5 2. c4 e6 3. Nc3 c6 4. Nf3 dxc4 5. e3 b5 6. Be2 Be7 7. O-O Bf6 8. e4 h6 9. a4 b4 10. Na2 Ba6
11. Nxb4 Ne7 12. e5 O-O 13. exf6 Ng6 14. fxg7 Kxg7 15. Nxa6 Nxa6 16. Bxc4 Nc7 17. Ne5 Nxe5 18. dxe5 Qxd1 19. Rxd1 Rab8 20. Ra3 Rb4
21. Rg3+ Kh7 22. b3 Rg8 23. Rxg8 Kxg8 24. Bxh6 Rb8 25. h4 Kh7 26. Bg5
1-0

[Event "Close encounters 2"]
[Site "SchemingMind.com"]
[Date "2019.04.29"]
[Round "-"]
[White "ray winteringham"]
[Black "Mihir Chandrashekhar"]
[Result "0-1"]
[WhiteCountry "ENG"]
[BlackCountry "IND"]
[WhiteElo "1444"]
[WhiteRD "49"]
[BlackElo "1850"]
[BlackRD "67"]
[GameID "440736"]

1. e4 c5 2. Nf3 Nc6 3. Bc4 e6 4. d3 d5 5. exd5 exd5 6. Bb5 Bd6 7. Bxc6+ bxc6 8. h3 Ne7 9. b3 O-O 10. Bb2 Ng6
11. O-O Re8 12. c4 d4 13. Nbd2 Bf5 14. a4 Bxd3 15. Re1 Qd7 16. Nf1 Rxe1 17. Qxe1 Re8 18. Qd2 Bxf1 19. Rxf1 Qb7 20. Qd1 Rb8
21. Nd2 Bf4 22. g3 Bxd2 23. Qxd2 Qxb3 24. Ba1 Re8 25. Qb2 Qxb2 26. Bxb2 Rb8 27. Ba3 Rd8 28. Bxc5 Ne5 29. Re1 Nd3 30. Bxd4 Nxe1
31. Bxa7 Ra8 32. Be3 Rxa4 33. Kf1 Nc2
0-1

[Event "Close encounters 2"]
[Site "SchemingMind.com"]
[Date "2019.05.11"]
[Round "-"]
[White "Mitch The Man"]
[Black "Chessibelle"]
[Result "1-0"]
[WhiteCountry "USA"]
[BlackCountry "ENG"]
[WhiteElo "1345"]
[WhiteRD "64"]
[BlackElo "1146"]
[BlackRD "57"]
[GameID "441063"]

1. e4 e5 2. Nf3 Nc6 3. c3 d6 4. h3 g6 5. b4 a6 6. d3 Be7 7. Be2 f5 8. O-O Nf6 9. Bh6 b5 10. Bg7 Rg8
11. Bxf6 Bxf6 12. Kh2 h5 13. h4 g5 14. Qb3 Ne7 15. g3 Qd7 16. Nbd2 fxe4 17. Ng1 c6 18. Bxh5+ Kd8 19. Nxe4 Bg7 20. Bf7 Rh8
21. Nxg5 Qf5 22. Ne6+ Kd7 23. Nxg7 Qxd3 24. Qe6+ Kc7 25. Qxe7+ Kb6 26. Rad1 Qe4 27. Qxd6 Bb7 28. Qc5+ Kc7 29. Ne6+ Kb8 30. Rfe1 Qf5
31. Qd6+ Ka7 32. Qc5+ Kb8 33. Ng5 Qxg5 34. Rxe5 Qf6 35. Rf5 Qh6 36. Rh5 Qg7 37. Rxh8+ Qxh8 38. Qb6 Qc8 39. Be6 Qe8 40. Rd8+
1-0

[Event "Close encounters 2"]
[Site "SchemingMind.com"]
[Date "2019.05.11"]
[Round "-"]
[White "Chessibelle"]
[Black "Phillip Beckett"]
[Result "0-1"]
[WhiteCountry "ENG"]
[BlackCountry "ENG"]
[WhiteElo "1146"]
[WhiteRD "57"]
[BlackElo "1578"]
[BlackRD "52"]
[GameID "441064"]

1. Nf3 Nf6 2. d4 d5 3. e3 e6 4. Nbd2 c5 5. c4 cxd4 6. Nxd4 dxc4 7. Nxc4 Bd7 8. b3 Nc6 9. Bb2 Nxd4 10. Bxd4 Be7
11. Be2 O-O 12. Bd3 Bc6 13. f3 Nd5 14. O-O Bf6 15. Bc2 Bxd4 16. exd4 Nf6 17. Qd3 g6 18. Ne5 Bd5 19. h4 Nd7 20. g3 Nxe5
21. dxe5 Qb6+ 22. Kh2 Rfd8 23. f4 Rac8 24. Kh3 Bg2+ 25. Kxg2 Rxd3
0-1

[Event "Close encounters 2"]
[Site "SchemingMind.com"]
[Date "2019.05.11"]
[Round "-"]
[White "ray winteringham"]
[Black "Chessibelle"]
[Result "1-0"]
[WhiteCountry "ENG"]
[BlackCountry "ENG"]
[WhiteElo "1444"]
[WhiteRD "49"]
[BlackElo "1146"]
[BlackRD "57"]
[GameID "441066"]

1. e4 e5 2. Nf3 Nc6 3. d3 d6 4. Be3 b6 5. c4 Bd7 6. a3 Nge7 7. Nc3 g6 8. g3 Bg7 9. Bg2 Bg4 10. Qc2 Qd7
11. Qd2 Na5 12. Qc2 c5 13. O-O h6 14. b4 Nac6 15. b5 g5 16. Ra2 Qe6 17. Ne1 Nd4 18. Bxd4 exd4 19. f3 Bh5 20. Ne2 O-O
21. f4 f6 22. f5 Qf7 23. h3 Rae8 24. g4 Bg6 25. fxg6 Nxg6 26. e5 dxe5 27. Bd5 Re6 28. Bxe6 Qxe6 29. a4 Nh4 30. Ng2 f5
31. Nxh4 gxh4 32. Raa1 Qe7 33. Rxf5 Qe8 34. Re1 Qg6 35. Ref1 h5 36. Kh2 hxg4 37. Rxf8+ Bxf8 38. hxg4 Qxg4 39. Rg1
1-0

[Event "Close encounters 2"]
[Site "SchemingMind.com"]
[Date "2019.05.11"]
[Round "-"]
[White "Mihir Chandrashekhar"]
[Black "Chessibelle"]
[Result "1-0"]
[WhiteCountry "IND"]
[BlackCountry "ENG"]
[WhiteElo "1850"]
[WhiteRD "67"]
[BlackElo "1146"]
[BlackRD "57"]
[GameID "441067"]

1. Nf3 d6 2. d4 e6 3. c4 Bd7 4. Nc3 Ne7 5. e4 g6 6. Bg5 Bg7 7. Qd2 Nbc6 8. Bh6 Bf6 9. e5 dxe5 10. Ne4 Ng8
11. Nxf6+ Nxf6 12. dxe5 b6 13. Bg7 Rg8 14. Bxf6 Qc8 15. Nd4 Qb7 16. O-O-O a5 17. Nxc6 Qxc6 18. Be2 Qxg2 19. Qxd7+ Kf8 20. Qe7#
1-0

[Event "Close encounters 2"]
[Site "SchemingMind.com"]
[Date "2019.05.13"]
[Round "-"]
[White "maro"]
[Black "Mitch The Man"]
[Result "1/2-1/2"]
[WhiteCountry "MEX"]
[BlackCountry "USA"]
[WhiteElo "1451"]
[WhiteRD "54"]
[BlackElo "1345"]
[BlackRD "64"]
[GameID "441162"]

1. d4 d5 2. c4 dxc4 3. Nc3 a6 4. e3 b5 5. a3 c6 6. Bd2 Bf5 7. Be2 e6 8. e4 Bg6 9. Nf3 Be7 10. Qc1 Nh6
11. Bxh6 O-O 12. Bxg7 Kxg7 13. O-O h6 14. e5 Rh8 15. Qd1 Kf8 16. b3 cxb3 17. Qxb3 Rh7 18. Nd1 Be4 19. Nc3 Bd5 20. Nxd5 exd5
21. Bd3 Rg7 22. Rae1 Nd7 23. Qb2 Nb6 24. Qd2 Bg5 25. Nxg5 hxg5 26. g4 a5 27. f4 Nc4 28. Qg2 Qe7 29. f5 Qxa3 30. Qh3 Qb2
31. f6 Qxd4+ 32. Kh1 Rg8 33. e6 Nd6 34. e7+ Ke8 35. Qh7 Kd7 36. Bf5+ Nxf5 37. Qxf5+ Kc7 38. Qh7 Rae8 39. Qxf7 Qxg4 40. Rc1 Qe4+
41. Kg1 Qg4+ 42. Kf2 Qf4+ 43. Ke1 Qe3+ 44. Kd1 Qd3+=
1/2-1/2

[Event "Close encounters 2"]
[Site "SchemingMind.com"]
[Date "2019.05.13"]
[Round "-"]
[White "Phillip Beckett"]
[Black "maro"]
[Result "0-1"]
[WhiteCountry "ENG"]
[BlackCountry "MEX"]
[WhiteElo "1578"]
[WhiteRD "52"]
[BlackElo "1451"]
[BlackRD "54"]
[GameID "441163"]

1. e4 e5 2. Nf3 Nc6 3. Bb5 Nge7 4. O-O a6 5. Ba4 d6 6. d4 Bd7 7. dxe5 Nxe5 8. Bxd7+ Qxd7 9. Nxe5 Qe6 10. Nd3 Qxe4
11. Re1 Qg6 12. Qf3 O-O-O 13. Nc3 Nc6 14. Be3 d5 15. Bd2 Bd6 16. Rad1 Rhf8 17. Nf4 Qh6 18. g3 g5 19. Ng2 Nd4 20. Qg4+ Ne6
21. h4 f5 22. Qe2 Rde8 23. hxg5 Nxg5 24. Qxe8+ Rxe8 25. Rxe8+ Kd7 26. Ree1 Nh3+ 27. Kf1 Qh5 28. Be3 Bxg3 29. Nxd5 Kc6 30. Nb4+ Kb5
31. Rd5+ Kxb4 32. a3+ Kc4 33. Rd4+ Kb5 34. c4+ Kc6 35. b4 b6 36. b5+ axb5 37. cxb5+ Kb7 38. Rd7 f4 39. Bxb6 Qxb5+ 40. Re2 Qxd7
41. Bc5 Qd3
0-1

[Event "Close encounters 2"]
[Site "SchemingMind.com"]
[Date "2019.05.13"]
[Round "-"]
[White "ray winteringham"]
[Black "maro"]
[Result "0-1"]
[WhiteCountry "ENG"]
[BlackCountry "MEX"]
[WhiteElo "1444"]
[WhiteRD "49"]
[BlackElo "1451"]
[BlackRD "54"]
[GameID "441164"]

1. e4 Nc6 2. d4 e5 3. d5 Nce7 4. g3 d6 5. Bg2 c6 6. c4 cxd5 7. exd5 Nf5 8. Ne2 Be7 9. O-O Nf6 10. Bd2 O-O
11. b3 Ng4 12. Nec3 Nd4 13. Be3 Nxe3 14. fxe3 Nf5 15. Qe2 Bg5 16. e4 Ne3 17. Nd1 Nxf1 18. Qxf1 Qb6+ 19. Kh1 Qd4 20. Nbc3 f5
21. Qf2 Qxf2 22. Nxf2 Be3 23. Nh3 f4 24. gxf4 exf4 25. Nb5 f3 26. Bf1 g5 27. Nxd6 Bd7 28. Nxb7 g4 29. Ng1 Rae8 30. Nd6 Re5
31. c5 Bxc5 32. Nc4 Rxe4 33. Bd3 Rd4 34. Rd1 Kh8 35. Ne3 Re8 36. Nc4 Rxd5 37. h3 f2 38. Ne2 Rxe2 39. Bxe2 Rxd1+ 40. Kg2 Rg1+
41. Kh2 g3#
0-1

[Event "Close encounters 2"]
[Site "SchemingMind.com"]
[Date "2019.05.13"]
[Round "-"]
[White "maro"]
[Black "Chessibelle"]
[Result "1-0"]
[WhiteCountry "MEX"]
[BlackCountry "ENG"]
[WhiteElo "1451"]
[WhiteRD "54"]
[BlackElo "1146"]
[BlackRD "57"]
[GameID "441166"]

1. d4 d5 2. c4 e6 3. c5 Nc6 4. e3 Nge7 5. Bd3 g6 6. Nf3 Bh6 7. O-O O-O 8. Nc3 f6 9. e4 Bg7 10. e5 fxe5
11. dxe5 Nxe5 12. Bg5 b6 13. Re1 N5c6 14. Bb5 Bd7 15. Ne5 Nxe5 16. c6 N5xc6 17. Bxc6 Bxc6 18. Rxe6 Bb7 19. Bxe7 Qd7 20. Qg4 Rf7
21. Bb4 Qd8 22. Rae1 c5 23. Ba3 Rf8 24. Nb5 Ba6 25. Rd6 Qb8 26. Qe6+ Kh8 27. Nc3 d4 28. Ne4 Qb7 29. Ng5 Bf6 30. Rd7 Qc8
31. Rxh7#
1-0

[Event "Close encounters 2"]
[Site "SchemingMind.com"]
[Date "2019.05.13"]
[Round "-"]
[White "maro"]
[Black "Mihir Chandrashekhar"]
[Result "0-1"]
[WhiteCountry "MEX"]
[BlackCountry "IND"]
[WhiteElo "1451"]
[WhiteRD "54"]
[BlackElo "1850"]
[BlackRD "67"]
[GameID "441167"]

1. d4 Nf6 2. c4 e6 3. Nc3 Bb4 4. Bd2 O-O 5. a3 Be7 6. e4 c5 7. e5 cxd4 8. Nb5 Ne4 9. Nxd4 Qb6 10. Be3 Qxb2
11. Nge2 Bxa3 12. Rb1 Bb4+ 13. Bd2 Nxd2 14. Qxd2 Qxd2#
0-1

[Event "Close encounters 2"]
[Site "SchemingMind.com"]
[Date "2019.05.18"]
[Round "-"]
[White "cnile"]
[Black "Mitch The Man"]
[Result "1-0"]
[WhiteCountry "SCO"]
[BlackCountry "USA"]
[WhiteElo "1441"]
[WhiteRD "61"]
[BlackElo "1317"]
[BlackRD "64"]
[GameID "441188"]

1. c4 e5 2. Nc3 c6 3. e4 Bc5 4. Nf3 Ne7 5. g3 Bxf2+ 6. Kxf2 Qc7 7. d4 d6 8. Bg2 O-O 9. Rf1 Bg4 10. Kg1 Ng6
11. Qd3 Nd7 12. d5 Nc5 13. Qc2 h6 14. Bd2 Qd7 15. Rad1 a5 16. a3 Bh3 17. b4 Bxg2 18. Kxg2 axb4 19. axb4 Na6 20. Rb1 c5
21. bxc5 Nxc5 22. Ra1 Rxa1 23. Rxa1 Qc7 24. Nb5 Qb8 25. Nh4 Nxh4+ 26. gxh4 Kh7 27. Ba5 b6 28. Bb4 Qd8 29. Qf2 Nxe4 30. Qf5+ g6
31. Qxe4 f5 32. Qc2 Qxh4 33. Ra7+ Kg8 34. Nxd6 Qg5+ 35. Kh1 Qf4 36. Qg2 Qc1+ 37. Qg1
1-0

[Event "Close encounters 2"]
[Site "SchemingMind.com"]
[Date "2019.05.18"]
[Round "-"]
[White "cnile"]
[Black "ray winteringham"]
[Result "0-1"]
[WhiteCountry "SCO"]
[BlackCountry "ENG"]
[WhiteElo "1441"]
[WhiteRD "61"]
[BlackElo "1466"]
[BlackRD "49"]
[GameID "441189"]

1. c4 g6 2. Nc3 Bg7 3. d4 Nf6 4. e4 d6 5. h3 O-O 6. Nf3 b6 7. Be3 Bb7 8. Bd3 Nbd7 9. O-O a5 10. Qd2 e6
11. Rfe1 c6 12. a3 Rb8 13. Bh6 Kh8 14. Bxg7+ Kxg7 15. d5 e5 16. dxc6 Bxc6 17. b4 b5 18. cxb5 Bb7 19. bxa5 Qxa5 20. a4 Nb6
21. Bc4 Nxc4 22. Qc2 Nb6 23. Rad1 Rbc8 24. Re3 Nfd7 25. Rxd6 Nc4 26. Rxd7 Nxe3 27. fxe3 Bxe4 28. Qxe4 Qxc3 29. Nxe5 Rce8 30. Qd4 Qxd4
31. Rxd4 Rxe5 32. b6 Rxe3 33. Rb4 Rb8 34. a5 Ra3 35. Rb5 Rb7 36. Kh2 Kh6 37. h4 f5 38. g3 Kh5 39. Kh3 Ra4
0-1

[Event "Close encounters 2"]
[Site "SchemingMind.com"]
[Date "2019.05.17"]
[Round "-"]
[White "cnile"]
[Black "maro"]
[Result "1-0"]
[WhiteCountry "SCO"]
[BlackCountry "MEX"]
[WhiteElo "1440"]
[WhiteRD "71"]
[BlackElo "1451"]
[BlackRD "54"]
[GameID "441190"]

1. d4 e6 2. Nf3 d5 3. Bf4 Bd6 4. Bxd6 Qxd6 5. e3 Nf6 6. Bd3 O-O 7. O-O Nc6 8. a3 e5 9. dxe5 Nxe5 10. Nxe5 Qxe5
11. Nc3 d4 12. exd4 Qxd4 13. Bxh7+
1-0

[Event "Close encounters 2"]
[Site "SchemingMind.com"]
[Date "2019.05.15"]
[Round "-"]
[White "Phillip Beckett"]
[Black "cnile"]
[Result "0-1"]
[WhiteCountry "ENG"]
[BlackCountry "SCO"]
[WhiteElo "1571"]
[WhiteRD "51"]
[BlackElo "1441"]
[BlackRD "61"]
[GameID "441191"]

1. d4 d5 2. c4 e6 3. Nc3 Nf6 4. cxd5 exd5 5. Bg5 Nbd7 6. e3 c6 7. Bd3 Qa5 8. Ne2 Ne4 9. Bxe4 dxe4 10. Bh4 Bb4
11. Qb3 O-O 12. O-O Re8 13. a3 Be7 14. Nxe4 Bxh4 15. Nd6 Re7 16. Nc4 Qh5 17. Ng3 Bxg3 18. hxg3 Re6 19. Nd2 Rh6 20. f3 Nf6
21. Kf2 Qf5 22. e4 Qg5 23. f4 Qg4 24. Qf3 Qxf3+ 25. Kxf3 Bg4+ 26. Kf2 Rd8 27. e5 Nd5 28. Nf3 Bxf3 29. Kxf3 f5 30. Rh1 Rxh1
31. Rxh1 g6 32. b4 h5 33. Rc1 a6 34. Rc5 Kf7 35. Rc1 Ke6 36. Rc2 Nc7 37. a4 Rxd4 38. b5 axb5 39. axb5 Nxb5
0-1

[Event "Close encounters 2"]
[Site "SchemingMind.com"]
[Date "2019.05.18"]
[Round "-"]
[White "cnile"]
[Black "Chessibelle"]
[Result "1-0"]
[WhiteCountry "SCO"]
[BlackCountry "ENG"]
[WhiteElo "1441"]
[WhiteRD "61"]
[BlackElo "1143"]
[BlackRD "55"]
[GameID "441193"]

1. e4 g6 2. Nf3 d6 3. h3 e5 4. Nc3 Bd7 5. d4 Ne7 6. d5 Bg7 7. Bd3 O-O 8. Ne2 a6 9. c4 c6 10. O-O Be8
11. Bd2 f6 12. Rb1 Nd7 13. b4 h6 14. Kh1 f5 15. exf5 Nxf5 16. Be4 Nf6 17. a4 Qd7 18. Qc1 Qf7 19. Bxf5 gxf5 20. Bxh6 Qh5
21. Bxg7 Rf7 22. Bxf6 Rh7 23. Qg5+ Kf8 24. Qxh5 Bxh5 25. Neg1 Rh6 26. Bg5 Rg6 27. h4 e4 28. Nd4 Re8 29. Ne6+ Kg8 30. Nf4 Rg7
31. Nxh5 Rf8 32. Nxg7 Kxg7 33. dxc6 bxc6 34. Rfd1 Kg8 35. Rxd6 f4 36. b5 f3 37. bxc6 Re8 38. Rb7 Rf8 39. Rg6+
1-0

[Event "Close encounters 2"]
[Site "SchemingMind.com"]
[Date "2019.05.18"]
[Round "-"]
[White "cnile"]
[Black "Mihir Chandrashekhar"]
[Result "0-1"]
[WhiteCountry "SCO"]
[BlackCountry "IND"]
[WhiteElo "1441"]
[WhiteRD "61"]
[BlackElo "1854"]
[BlackRD "54"]
[GameID "441194"]

1. e4 c5 2. Nf3 Nc6 3. d4 cxd4 4. Nxd4 e5 5. Nb5 d6 6. c4 Be7 7. N1c3 a6 8. Na3 Be6 9. Bd3 Rc8 10. Nc2 Qd7
11. O-O Nf6 12. Ne3 Nd4 13. Ned5 Bxd5 14. cxd5 O-O 15. Be3 Nb5 16. Nxb5 axb5 17. Qb3 Nh5 18. Bxb5 Qg4 19. Rac1 Nf4 20. Bxf4 Qxf4
21. f3 Rxc1 22. Be2 Rfc8 23. Qxb7 Qe3+ 24. Kh1 Rxf1+ 25. Bxf1 Rc1 26. Qb8+ Bf8
0-1

[Event "Close encounters 2"]
[Site "SchemingMind.com"]
[Date "2019.05.19"]
[Round "-"]
[White "Mitch The Man"]
[Black "grabapawn"]
[Result "0-1"]
[WhiteCountry "USA"]
[BlackCountry "USA"]
[WhiteElo "1317"]
[WhiteRD "64"]
[BlackElo "1465"]
[BlackRD "54"]
[GameID "441397"]

1. e4 d6 2. d4 Nf6 3. Bd3 Nbd7 4. Ne2 e5 5. O-O Be7 6. h3 Nf8 7. d5 Ng6 8. Ng3 Nf4 9. Bb5+ Bd7 10. Bxd7+ Qxd7
11. Bxf4 exf4 12. Nh1 g5 13. f3 h5 14. b3 g4 15. Nf2 Rg8 16. Kh1 gxh3 17. Nxh3 h4 18. Qe1 Rg3 19. Rf2 Nh5 20. Nd2 Rxh3+
21. gxh3 Qxh3+ 22. Rh2 Ng3+ 23. Kg1 Qd7 24. Nf1 O-O-O 25. Nxg3 fxg3 26. Rh1 Rg8 27. Kg2 Rh8 28. Rh3 Bf6 29. c3 Qb5 30. Rc1 Be5
31. Qe3 b6 32. Rc2 Qd7 33. Qd3 Kb7 34. a4 a5 35. c4 Rh5 36. Qd2 f5 37. Qe3 Qf7 38. f4 Bf6 39. Qe1 Bd4 40. Qd2 Bf2
41. e5 dxe5 42. fxe5 f4 43. Qe2 Rf5 44. Qe4 f3+ 45. Kh1 g2+
0-1

[Event "Close encounters 2"]
[Site "SchemingMind.com"]
[Date "2019.05.21"]
[Round "-"]
[White "grabapawn"]
[Black "cnile"]
[Result "0-1"]
[WhiteCountry "USA"]
[BlackCountry "SCO"]
[WhiteElo "1465"]
[WhiteRD "54"]
[BlackElo "1441"]
[BlackRD "61"]
[GameID "441398"]

1. d4 d6 2. Bf4 g6 3. e3 Bg7 4. Nc3 Nd7 5. Bd3 Ngf6 6. Nf3 O-O 7. h4 c5 8. Ng5 cxd4 9. exd4 h6 10. Nce4 hxg5
11. hxg5 Nxe4 12. Bxe4 Re8 13. Qg4 Nf8 14. Qg3 e5 15. O-O-O exf4 16. Qxf4 Qa5 17. Kb1 Be6 18. b3 Rec8 19. Bxb7 Qc3 20. Bxc8 Rxc8
21. Qc1 Bxd4 22. Rxd4 Qxd4 23. g3 Bf5
0-1

[Event "Close encounters 2"]
[Site "SchemingMind.com"]
[Date "2019.05.19"]
[Round "-"]
[White "maro"]
[Black "grabapawn"]
[Result "1-0"]
[WhiteCountry "MEX"]
[BlackCountry "USA"]
[WhiteElo "1450"]
[WhiteRD "57"]
[BlackElo "1465"]
[BlackRD "54"]
[GameID "441399"]

1. d4 d6 2. c4 Nf6 3. Nc3 Nbd7 4. e4 e5 5. d5 Be7 6. Nf3 c6 7. dxc6 bxc6 8. Be2 Qc7 9. Be3 Nf8 10. h3 Ng6
11. Ng5 h6 12. Nf3 Nf4 13. Bxf4 exf4 14. Nd4 g5 15. Bh5 Bd7 16. Be2 Rd8 17. Bh5 Qb6 18. Nf5 Bxf5 19. exf5 d5 20. cxd5 Bc5
21. O-O O-O 22. Bf3 h5 23. Bxh5 cxd5 24. Na4 Qa5 25. b3 Be7 26. Bf3 Kg7 27. Re1 Bb4 28. Re2 d4 29. Rc1 Qxf5 30. Rc4 g4
31. hxg4 Nxg4 32. Bxg4 Qxg4 33. Rxd4 Bd6 34. f3 Qg3 35. Rxd6 Rxd6 36. Qxd6 Rh8 37. Qd4+ f6 38. Re7+ Kg6 39. Qe4+ Kh5 40. Qf5+ Qg5
41. Qh3+ Qh4 42. Qxh4+ Kxh4 43. Rxa7 Rd8 44. Nc3 Rd2 45. Rh7+ Kg5 46. Ne4+ Kg6 47. Nxd2
1-0

[Event "Close encounters 2"]
[Site "SchemingMind.com"]
[Date "2019.05.20"]
[Round "-"]
[White "grabapawn"]
[Black "Phillip Beckett"]
[Result "0-1"]
[WhiteCountry "USA"]
[BlackCountry "ENG"]
[WhiteElo "1473"]
[WhiteRD "54"]
[BlackElo "1578"]
[BlackRD "52"]
[GameID "441400"]

1. d4 d5 2. Bf4 Nf6 3. e3 e6 4. c3 c5 5. Bd3 Nc6 6. Nd2 Bd6 7. Bg3 cxd4 8. exd4 O-O 9. Ngf3 Qc7 10. Ng5 h6
11. h4 Bxg3 12. Qc2 Bxf2+ 13. Kxf2 Qf4+ 14. Ngf3 Ng4+ 15. Kg1 Qe3+
0-1

[Event "Close encounters 2"]
[Site "SchemingMind.com"]
[Date "2019.05.20"]
[Round "-"]
[White "grabapawn"]
[Black "ray winteringham"]
[Result "0-1"]
[WhiteCountry "USA"]
[BlackCountry "ENG"]
[WhiteElo "1473"]
[WhiteRD "54"]
[BlackElo "1444"]
[BlackRD "49"]
[GameID "441401"]

1. d4 d5 2. Bf4 Bf5 3. e3 e6 4. Bd3 Ne7 5. c3 g6 6. g4 Bxd3 7. Qxd3 Bg7 8. Nf3 Nd7 9. h4 c5 10. h5 gxh5
11. Rxh5 c4 12. Qc2 Ng6 13. Bg3 Qb6 14. Nbd2 Nf6 15. Rh1 Nxg4 16. O-O-O O-O 17. Nh4 Nxh4 18. Rxh4 f5 19. Rdh1 Qa5 20. Rxg4 fxg4
21. Qxh7+ Kf7 22. Be5 Rg8 23. Bd6 Rh8 24. Be5 Rxh7 25. Rxh7 Rg8 26. f3 Qxa2
0-1

[Event "Close encounters 2"]
[Site "SchemingMind.com"]
[Date "2019.05.19"]
[Round "-"]
[White "Chessibelle"]
[Black "grabapawn"]
[Result "0-1"]
[WhiteCountry "ENG"]
[BlackCountry "USA"]
[WhiteElo "1146"]
[WhiteRD "57"]
[BlackElo "1473"]
[BlackRD "54"]
[GameID "441403"]

1. Nf3 d6 2. d4 Nf6 3. Nbd2 Nbd7 4. e3 e5 5. g3 Be7 6. Be2 c6 7. O-O Nf8 8. b4 h6 9. c3 g5 10. Ba3 Ng6
11. Bd3 g4 12. Ne1 h5 13. Qb3 h4 14. Ng2 d5 15. Rfe1 e4 16. Be2 hxg3 17. fxg3 Nh5 18. Rf1 Bd6 19. c4 Nxg3 20. Rf2 Nxe2+
21. Rxe2 Bxh2+ 22. Kf1 Bg3 23. Kg1 Qg5 24. Nf1 Bc7 25. Kf2 Rh1 26. Ke1 g3 27. Kd2 Qf5 28. Ree1 dxc4 29. Qxc4 Be6 30. Qc5 Bd5
31. Kc3 b6
0-1

[Event "Close encounters 2"]
[Site "SchemingMind.com"]
[Date "2019.05.20"]
[Round "-"]
[White "Mihir Chandrashekhar"]
[Black "grabapawn"]
[Result "1-0"]
[WhiteCountry "IND"]
[BlackCountry "USA"]
[WhiteElo "1850"]
[WhiteRD "67"]
[BlackElo "1473"]
[BlackRD "54"]
[GameID "441404"]

1. Nf3 d6 2. e4 Nd7 3. d4 Ngf6 4. Nc3 e5 5. dxe5 dxe5 6. Bc4 Be7 7. Bxf7+ Kxf7 8. Ng5+ Kg6 9. f4 exf4 10. Ne6 Qg8
11. Nxc7 Ne5 12. O-O Nh5 13. Bxf4 Bf6 14. N3d5 Bg4 15. Qd2 Rd8 16. Bxe5 Bxe5 17. Ne7#
1-0

[Event "Close encounters 2"]
[Site "SchemingMind.com"]
[Date "2019.06.02"]
[Round "-"]
[White "Wolli"]
[Black "Mitch The Man"]
[Result "1-0"]
[WhiteCountry "GER"]
[BlackCountry "USA"]
[WhiteElo "1593"]
[WhiteRD "85"]
[BlackElo "1317"]
[BlackRD "64"]
[GameID "441944"]

1. c4 e5 2. g3 c5 3. Bg2 Bd6 4. Nc3 Nf6 5. Nf3 Rg8 6. O-O a6 7. b3 Kf8 8. e3 Ra7 9. Bb2 b6 10. Nd5 Nxd5
11. cxd5 a5 12. d4 exd4 13. exd4 Ba6 14. Re1 Be7 15. Ne5 Bd6 16. Nc4 Bxc4 17. bxc4 a4 18. a3 Qc7 19. Qg4 f6 20. Qe4 Qd8
21. Qxh7 Kf7 22. Qh5+ Kf8 23. Re2 Be7 24. d6 Bxd6 25. Bd5
1-0

[Event "Close encounters 2"]
[Site "SchemingMind.com"]
[Date "2019.06.01"]
[Round "-"]
[White "grabapawn"]
[Black "Wolli"]
[Result "0-1"]
[WhiteCountry "USA"]
[BlackCountry "GER"]
[WhiteElo "1465"]
[WhiteRD "54"]
[BlackElo "1593"]
[BlackRD "85"]
[GameID "441945"]

1. d4 d5 2. Bf4 Nf6 3. e3 e6 4. c3 Be7 5. Bd3 O-O 6. h4 b6 7. g4 Ne4 8. g5 g6 9. Nf3 Ba6 10. Qc2 Bxd3
11. Qxd3 Nd7 12. Nbd2 f5 13. O-O-O Nxf2 14. Qf1 Nxh1 15. Qxh1 c5 16. h5 cxd4 17. hxg6 hxg6 18. Qh6 Rf7 19. Rh1 Bf6 20. gxf6 Qxf6
21. exd4 Qg7 22. Ng5 Re7 23. Qh2 Nf6 24. Be5 Ng4 25. Qg3 Nxe5 26. dxe5 Kf8 27. Rh7 Qg8 28. Rxe7 Kxe7 29. Nb3 Qh8 30. Nh3 Qh6+
31. Kc2 Rh8 32. Qg5+ Qxg5 33. Nxg5 Rh5 34. Nf3 g5 35. Nbd4 g4 36. Ng1 f4 37. Kd2 f3 38. Nc6+ Kd7 39. Nxa7 f2
0-1